header

Integral pluralism (Record no. 88252)

MARC details
000 -LEADER
fixed length control field 01240nam a2200313Ia 4500
082 04 - DEWEY DECIMAL CLASSIFICATION NUMBER
Classification number 305.8001
100 1# - MAIN ENTRY--AUTHOR NAME
Personal name Dallmayr, Fred R.
245 10 - TITLE STATEMENT
Title Integral pluralism
260 ## - PUBLICATION, DISTRIBUTION, ETC. (IMPRINT)
Place of publication Lexington, KY :
Name of publisher University Press of Kentucky,
Year of publication c2010.
300 ## - PHYSICAL DESCRIPTION
Number of Pages xiii, 231 p.
650 #0 - SUBJECT ADDED ENTRY--TOPICAL TERM
Topical Term Cultural pluralism.
Topical Term Intercultural communication.
Topical Term Philosophy, Comparative.
856 40 - ELECTRONIC LOCATION AND ACCESS
Uniform Resource Identifier http://site.ebrary.com/lib/rucke/Doc?id=10395144

No items available.

© 2026 Rongo University
Contact us: librarian | system librarian | Rongo university